| 000 | 00582nam a2200205Ia 4500 | ||
|---|---|---|---|
| 001 | 61242 | ||
| 008 | 170105n2002 ii |||gr||||Z||||||465 | ||
| 020 | _a978-81-87570-7-6 | ||
| 082 | _a492.7 | ||
| 100 |
_aRahman, S.A., _eAuthor. |
||
| 245 | 0 |
_aLets speak arabic : _blearn arabic conversation in just one week / _cby S.A. Rahman . _hTextual Documents |
|
| 250 | _a1st ed. | ||
| 260 |
_aDelhi _bGoodwoord Books _c2002 |
||
| 300 |
_a208p: _c21cm. |
||
| 653 | _aArabic | ||
| 653 | _aSpeak arabic, arabic speaking | ||
| 653 | _aG-Arabic | ||
| 653 | _aDeptt-Arabic | ||
| 942 |
_2ddc _cBK |
||
| 999 |
_c62351 _d62351 |
||